000 00625nam a2200241Ia 4500
003 OSt
005 20221005040042.0
006 a|||||r|||| 00| 0
007 ta
008 221004b |||||||| |||| 00| 0 eng d
024 _a21135
037 _cTextual
040 _aCRL
_cCRL
_beng
041 _2eng
_aeng
082 _a82:N53, J7
100 _aIndia
245 0 _aIndia
_b A reference annual 1957
260 _aDelhi
_bMinistry of Information and Broadcasting India
_c1958
300 _a664
_ccm.
650 _aBIBLIOGRAPHY
942 _h82:N53, J7
_cTEXL
_2cc
999 _c946285
_d946285